000 00524nam a2200205Ia 4500
003 OSt
005 20250716162527.0
008 210210b1990 xxu||||| |||| 00| 0 eng d
020 _a007100811X
040 _cAL
082 _a330 MCCE
100 _aMcConnell Campbell R
_9210477
245 _aEconomics
_b: principles problems and policies
260 _aNY
_bMcGraw Hill
_c1990
300 _axxv,866,i33p.
690 _aEconomic Theory
_9210478
700 _aBrue Stanley L
_9210479
906 _a046528
942 _2ddc
_cBK
999 _c95614
_d95614